000
00333nam a2200133Ia 4500
008
240624s9999 xx 000 0 und d
041
_a
eng
082
_a
828 THA
100
_a
THAPAR ROMILA
245
_a
PAST AS PRESENT FORGING CONTEMPORARY IDE
260
_c
2014
_a
New Delhi
_b
Aleph
300
_a
329 : p. : cm. ; 24
365
_c
RS
999
_c
28532
_d
28532